Responses for show #6886 - Monday, July 21, 2014

2014 Teen Tournament quarterfinal game 1.

Contestants

Josiah Takang, a junior from Douglasville, Georgia

Cooper Lair, a sophomore from Little Rock, Arkansas

Kat Deabill, a junior from New Boston, New Hampshire

Jeopardy! Round responses

CURRENT SENATORS' STATES
IT'S SLANG-TASTIC
IN THE AFRICAN COUNTRY
ATHLETES
WOMEN & CHILDREN
"FIRST"
    $200 1
John McCain

Kat
    $200 27
photobomb

Kat
    $200 4
Kenya

Cooper
    $200 12
Tiger Woods

Josiah
    $200 25
Eve

Josiah
    $200 19
First Lady

Kat
    $400 2
New York

Josiah
    $400 30
snap

Cooper
    $400 5
Egypt

Cooper
    $400 13
Peyton Manning

Cooper
    $400 21
Lewis Carroll

Josiah
    $400 24
first base

Kat
    $600 8
Florida

Kat
    $600 26
hump day

Cooper
    $600 6
South Africa

Cooper
    $600 14
Mikaela Shiffrin

Josiah
    $1,000 20
Mozart

Kat
    $600 16
first responder (first response accepted)

Cooper
    $800 9
Barbara Boxer

Triple Stumper
    $800 28
shade

Kat
    $800 7
Mali

Josiah
    $800 15
Rafael Nadal

Cooper
    $800 23
Margaret Thatcher

Kat
    $800 17
(Josiah: what is your nephew, uh, niece?)

first cousin

CooperJosiah
    $1000 10
Mitch McConnell

Josiah
    $1000 29
catfished

Kat
    $1000 3
Morocco

Cooper
    $1000 11
Derek Jeter

Cooper
    $1000 22
(Cooper: Who is Kagan?)

Sandra Day O'Connor

Cooper
Triple Stumper
    $1000 18
First Kings

Cooper

Scores at the first commercial break (after clue 15):

Kat Cooper Josiah
$800 $4,400 $3,000

Scores at the end of the Jeopardy! Round:

Kat Cooper Josiah
$5,200 $6,800 $2,800

Double Jeopardy! Round responses

DINOSAURS
FASHION STARS
RANKS & TITLES
AMERICAN HISTORY
THEY WON'T ACTUALLY RHYME
READING LIST
    $400 17
meteor

Cooper
    $400 16
Zooey Deschanel

Kat
    $400 18
Dean

Kat
    $400 2
(Josiah: What is Arizona?)
(Cooper: What is New Mexico?)

Washington

CooperJosiah
Triple Stumper
    $400 13
word sword

Kat
    $400 30
Fahrenheit 451

Kat
    $800 29
(Kat: What is the Triassic era?)
[Originally ruled correct; reversed before Final Jeopardy!, when Alex remarked that Kat gave too much information, citing the difference between an era and a period]

Triassic

Kat
Triple Stumper
    $800 8
Styles

Josiah
    $800 12
Eagle Scout

Cooper
    $2,000 3
Statue of Liberty

Cooper
    $800 14
model yodel

Kat
    $800 27
Of Mice and Men

Kat
    $1200 28
(Josiah: What is a riff?)

frill

CooperJosiah
    $1200 5
(Kat: Who is Kim Kardashian?)

Kerry Washington

KatJosiah
    $1200 19
Boss

Josiah
    $1200 4
Republican

Kat
    $1200 15
(Josiah: What is a stranger, ranger?)

stranger & anger

KatJosiah
    $1200 26
The Jungle

Kat
    $1600 24
pelvis

Kat
    $1600 6
Macklemore

Kat
    $1600 25
colonel

Josiah
    $1600 11
Fort Knox

Kat
    $1600 9
(Josiah: What is a foul ball?)
(Alex: Need both.)
(Josiah: What is a foul, ball, soul ball?)
(Alex: Sorry, you took too much time.)

soul & foul

KatJosiah
    $2,000 21
(Josiah: Who is Oliver Twist?)

David Copperfield

Josiah
    $2000 23
Archaeopteryx

Triple Stumper
    $2000 7
Pharrell Williams

Kat
    $2000 20
(Josiah: What is the French Cross?)

the Legion of Honor

Josiah
Triple Stumper
    $2000 1
Oglethorpe

Cooper
    $2000 10
tiger Niger

Kat
    $2000 22
(Josiah: What is Black Boy?)

Native Son

Josiah
Triple Stumper

Scores at the end of the Double Jeopardy! Round:

Kat Cooper Josiah
$20,400 $12,800 -$2,800

Final Jeopardy! Round responses

RELIGIOUS HISTORY
CooperWhat is Protestantism?
$7,700
KatWhat is Reformation?
$6,000
Protestantism

Final scores:

Kat Cooper Josiah
$14,400 $20,500 -$2,800
2nd place: $5,000 if eliminated Automatic semifinalist 3rd place: $5,000 if eliminated

Game dynamics:

Coryat scores:

Kat Cooper Josiah
$20,000 $11,600 -$800
24 R
(including 1 DD),
2 W
17 R
(including 1 DD),
2 W
11 R,
8 W
(including 1 DD)

Combined Coryat: $30,800

The J! Archive is created by fans, for fans. The Jeopardy! game show and all elements thereof, including but not limited to copyright and trademark thereto, are the property of Jeopardy Productions, Inc. and are protected under law. This website is not affiliated with, sponsored by, or operated by Jeopardy Productions, Inc. Join the discussion at JBoard.tv.